000 09164 a2200589 4500
008 090513t xxu||||| |||| 00| 0hin d
010 _aB-291842-873
020 _a9788190552318
_c200.00
035 _aB-291842-873
037 _bविनोद बुक सेटर
040 _adpl
_bHIN
082 _a613
100 _aप्रमोद कुमार सिंह
245 _aस्वस्थ रहने के 100 टिप्स /
_cप्रमोद कुमार सिंह
260 _aदिल्ली
_bविनोद बुक सेटर
_c2008
270 _aएल-20/13 , प्रथम तल, गली नं5, शिवाजी मार्ग, करतार नगर
_bदिल्ली
_cदिल्ली
_e110053
300 _a192पृ
_c22 सेमी (सजिल्द)
942 _adpl
_cHN
_k / प्रमोद
_2ddc
_h613
_m प्रमोद
999 _c12917
_d12917